Dalit sahitya (Record no. 3563)

MARC details
000 -LEADER
fixed length control field 00500cam a2200193ua 4500
008 - FIXED-LENGTH DATA ELEMENTS--GENERAL INFORMATION
fixed length control field 111129n ii |||gr||||Z||||||asm
040 ## - CATALOGING SOURCE
Transcribing agency MAIN
082 ## - DEWEY DECIMAL CLASSIFICATION NUMBER
Classification number 891.4514
100 1# - MAIN ENTRY--PERSONAL NAME
Personal name Mataprasad,
245 11 - TITLE STATEMENT
Title Dalit sahitya
Statement of responsibility, etc. by Mataprasad
250 ## - EDITION STATEMENT
Edition statement 1st.
260 ## - PUBLICATION, DISTRIBUTION, ETC.
Place of publication, distribution, etc. Dibrugarh:
Name of publisher, distributor, etc. Assamese deptt. Dibrugarh university,996.
300 ## - PHYSICAL DESCRIPTION
Extent 72p:
Dimensions 23cm.
700 1# - ADDED ENTRY--PERSONAL NAME
Personal name Bezborah, Nirajana Mohanta,
Relator term
942 ## - ADDED ENTRY ELEMENTS (KOHA)
Koha item type Books
653 ## - INDEX TERM--UNCONTROLLED
Uncontrolled term Assamese literature
653 ## - INDEX TERM--UNCONTROLLED
Uncontrolled term Dalit sahitya
Holdings
Withdrawn status Lost status Damaged status Not for loan Home library Current library Shelving location Date acquired Total Checkouts Full call number Barcode Date last seen Copy number Price effective from Koha item type
        Central Library, Naharkatiya College Central Library, Naharkatiya College General Stacks 19/09/2020   891.4514 | MAT 17891 19/09/2020 1 19/09/2020 Books

Naharkatiya College © 2020. All rights reserved.

Powered By